Cơ sở khoan và khai thác dầu khí

保存先:
書誌詳細
第一著者: Lê, Phước Hảo
フォーマット: 図書
言語:Undetermined
出版事項: Thành phố Hồ Chí Minh Đại học Quốc gia Thành phố Hồ Chí Minh 2002
主題:
タグ: タグ追加
タグなし, このレコードへの初めてのタグを付けませんか!
Thư viện lưu trữ: Trung tâm Học liệu Trường Đại học Cần Thơ
LEADER 00618nam a2200193Ia 4500
001 CTU_64478
008 210402s9999 xx 000 0 und d
020 |b 36000 
082 |a 622.3381 
082 |b H108 
100 |a Lê, Phước Hảo 
245 0 |a Cơ sở khoan và khai thác dầu khí 
245 0 |c Lê Phước Hảo 
260 |a Thành phố Hồ Chí Minh 
260 |b Đại học Quốc gia Thành phố Hồ Chí Minh 
260 |c 2002 
650 |a Mining engineering 
904 |i Minh (Nguyên sửa) 
980 |a Trung tâm Học liệu Trường Đại học Cần Thơ